Testimonios: octava serie 1968-1970

Enregistré dans:
Détails bibliographiques
Auteur principal: Ocampo, Victoria (autora)
Format: Livre
Langue:espagnol
Publié: Buenos Aires Sur 1971
Sujets:
Tags: Ajouter un tag
Pas de tags, Soyez le premier à ajouter un tag!

MARC

LEADER 00000cam a2200000 a 4500
001 UCQ2249
003 CL-VaPUC
008 980724e19710000AG |||||||||||||||||spa|d
082 0 4 |a Ar864  |b OCA  |2 21 
100 |a Ocampo, Victoria  |e autora  |9 416194 
245 1 0 |a Testimonios: octava serie 1968-1970 
300 |a 310 p 
942 |c BK 
945 |d 19980724 00:00:00  |a lriquelm 
260 |a Buenos Aires  |b Sur  |c 1971 
650 0 |a Ensayos argentinos  |9 269128 
650 0 |a Literatura argentina  |9 320596 
583 |a last modification  |c 20140710 08:53:09  |k Rodrigo Vera 
999 |c 273086  |d 273084 
952 |0 0  |1 0  |4 0  |6 AR_864_000000000000000_OCA_1971  |7 0  |8 A  |9 308375  |a BIBEDU  |b BIBEDU  |d 2019-11-20  |i 1443615  |o Ar864 OCA 1971  |p 1443615  |r 2019-11-20  |w 2019-11-20  |y BK  |k LIT 
952 |0 0  |1 0  |3 erb  |4 0  |6 AR_864_000000000000000_OCA_1971  |7 0  |8 A  |9 308376  |a BIBEDU  |b BIBEDU  |i 500991K  |o Ar864 OCA 1971  |p 500991K  |r 2019-11-20  |w 2019-11-20  |y BK  |z Catalogado en:20140710  |k LIT